| 000 | 00989nam a22003017a 4500 | ||
|---|---|---|---|
| 001 | 7239 | ||
| 003 | FISKH | ||
| 005 | 20250703144103.0 | ||
| 008 | 250703b cb ||||| |||| 00| 0 eng d | ||
| 020 | _a0439340187 | ||
| 040 |
_aFISKH _beng _cFISKH _dFISKH |
||
| 050 | _aPZ7.H2888 L | ||
| 082 | _a813.54 | ||
| 100 |
_aHautzig, Deborah _d(1956-) |
||
| 245 |
_aLittle witch's bad dream / _cBy Deborah Hautzig ; Illustrated by Sylvie Wickstrom |
||
| 250 | _aThis edition first published in 2001 | ||
| 260 |
_aNew York : _bScholastic, _c2000 |
||
| 300 |
_a48 pages : _bcolor illustrations ; _c23 cm |
||
| 505 | _aJ | ||
| 520 | _aLittle Witch tries to be nice to her guest Cousin Bossy, but everything she does is wrong because witches are supposed to be bad and mean. | ||
| 521 | 8 |
_a470
_bLexile |
|
| 521 | 8 |
_aJ
_bRaz-Plus |
|
| 650 |
_2Halloween _aThanksgiving |
||
| 650 |
_2Fall _aWitch |
||
| 700 |
_aWickstrom, Sylvie _dillustrator |
||
| 942 |
_2ddc _cBK _n0 |
||
| 999 |
_c7239 _d7239 |
||